The birth of minority : (Record no. 3918)

MARC details
000 -LEADER
fixed length control field 00719nam a22002417a 4500
001 - CONTROL NUMBER
control field BD-DhSAU 3918
003 - CONTROL NUMBER IDENTIFIER
control field BD-DhSAU
005 - DATE AND TIME OF LATEST TRANSACTION
control field 20150210155436.0
008 - FIXED-LENGTH DATA ELEMENTS--GENERAL INFORMATION
fixed length control field 150210b2005 bg a||||r|||| 000 0 eng d
020 ## - INTERNATIONAL STANDARD BOOK NUMBER
International Standard Book Number 9843228863
040 ## - CATALOGING SOURCE
Original cataloging agency BD-DhSAU
082 ## - DEWEY DECIMAL CLASSIFICATION NUMBER
Edition number 22
Classification number 323.24
Item number AHB
100 ## - MAIN ENTRY--PERSONAL NAME
Personal name Ahmed, Imtiaz.
245 ## - TITLE STATEMENT
Title The birth of minority :
Remainder of title state, society and the Hindu women of Bangladesh /
Statement of responsibility, etc. Imtiaz Ahmed and Amena Mohsin.
260 ## - PUBLICATION, DISTRIBUTION, ETC. (IMPRINT)
Place of publication, distribution, etc. Dhaka :
Name of publisher, distributor, etc. Bangladesh Freedom Foundation,
Date of publication, distribution, etc. c2005.
300 ## - PHYSICAL DESCRIPTION
Extent x, 74 p. :
Other physical details ill. ;
Dimensions 21 cm.
440 ## - SERIES STATEMENT/ADDED ENTRY--TITLE
Title Women's security paper.
590 ## - Name of Cataloguer
Name of Cataloger joy
650 ## - SUBJECT ADDED ENTRY--TOPICAL TERM
Topical term or geographic name as entry element Law.
650 ## - SUBJECT ADDED ENTRY--TOPICAL TERM
Topical term or geographic name as entry element Minority.
Geographic subdivision Bangladesh.
650 ## - SUBJECT ADDED ENTRY--TOPICAL TERM
Topical term or geographic name as entry element Hindu Women
Geographic subdivision Bangladesh.
700 ## - ADDED ENTRY--PERSONAL NAME
Personal name Mohsin, Amena
942 ## - ADDED ENTRY ELEMENTS (KOHA)
Source of classification or shelving scheme Dewey Decimal Classification
Koha item type Book
Holdings
Withdrawn status Lost status Source of classification or shelving scheme Damaged status Not for loan Home library Branch Name Shelving location Date acquired Total Checkouts Full call number Barcode Date last seen Price effective from Koha item type
    Dewey Decimal Classification     SAU Library SAU Library General Stacks 13/12/2007   323.24 AHB 33464 10/02/2015 10/02/2015 Book